Top 100 Greatest Musical Artist of All Time - Billboard - Statistics

General Stats
  • This quiz has been taken 453 times
  • The average score is 55 of 100
Answer Stats
Rank Hit Song Artist % Correct
7 Billie Jean Michael Jackson
96%
3 Rocket Man Elton John
92%
1 Here Comes The Sun The Beatles
91%
5 Material Girl Madonna
89%
87 Bohemian Rhapsody Queen
89%
17 Purple Rain Prince
88%
18 Umbrella Rihanna
87%
56 Bad Romance Lady Gaga
85%
59 Just Give Me a Reason Pink
85%
11 I Wanna Dance with Somebody Whitney Houston
85%
58 ...Baby One More Time Britney Spears
84%
33 My Heart Will Go On Celine Dion
83%
36 Rolling in the Deep Adele
83%
27 Hotel California Eagles
82%
62 Wrecking Ball Miley Cyrus
82%
2 Paint it, Black The Rolling Stones
80%
45 Livin' On A Prayer Bon Jovi
79%
28 Stayin Alive Bee Gees
78%
24 Born in the U.S.A. Bruce Springsteen
78%
8 Blank Space Taylor Swift
78%
37 Halo Beyonce
77%
14 Together Again Janet Jackson
77%
19 Piano Man Billy Joel
76%
84 Shape of You Ed Sheeran
76%
95 Sweet Child O' Mine Guns N' Roses
76%
13 Can't Help Falling in Love Elvis Presley
75%
61 Dark Horse Katy Perry
75%
86 Another Brick in the Wall, Pt. 2 Pink Floyd
75%
74 SexyBack Justin Timberlake
74%
40 Stairway to Heaven Led Zeppelin
72%
81 Don't Stop Believin' Journey
71%
16 God's Plan Drake
70%
9 Superstition Stevie Wonder
69%
71 I Gotta Feeling The Black Eyed Peas
69%
66 With Or Without You U2
69%
70 I Don't Want to Miss a Thing Aerosmith
67%
22 Without Me Eminem
64%
55 Love Yourself Justin Bieber
64%
50 NI**as In Paris JAY-Z
63%
25 Sweet Caroline Neil Diamond
63%
41 Locked out of Heaven Bruno Mars
62%
93 Summer of '69 Bryan Adams
62%
68 Jump Van Halen
62%
43 Payphone Maroon 5
59%
64 September Earth, Wind & Fire
58%
85 Since U Been Gone Kelly Clarkson
58%
23 Yeah! Usher
58%
48 Knockin' On Heaven's Door Bob Dylan
57%
82 The Sound of Silence Simon & Garfunkel
57%
99 Fire and Rain James Taylor
54%
89 Heartless Kanye West
54%
29 Wouldn't It Be Nice The Beach Boys
54%
4 We Belong Together Mariah Carey
53%
42 Take Me Home, Country Roads John Denver
53%
30 Dreams Fleetwood Mac
52%
39 All Night Long Lionel Richie
50%
75 I'm a Believer The Monkees
50%
34 I Say a Little Prayer Aretha Franklin
49%
51 Hot Stuff Donna Summer
49%
96 Pour Some Sugar On Me Def Leppard
48%
65 Ain't No Mountain High Enough Marvin Gaye
48%
44 You're The One That I Want Olivia Newton-John
48%
98 In the End Linkin Park
47%
15 Maggie May Rod Stewart
47%
38 Wonderful Tonight Eric Clapton
46%
52 How You Remind Me Nickelback
46%
100 Have You Ever Seen The Rain Creedence Clearwater Revival
45%
47 I'm Coming Out Diana Ross
45%
32 My Girl The Temptations
45%
46 Against All Odds Phil Collins
44%
31 Smooth Santana
44%
57 I Want to Know What Love Is Foreigner
42%
60 No One Alicia Keys
41%
49 Jack & Diane John Mellencamp
40%
80 Ignition R. Kelly
40%
76 The Gambler Kenny Rogers
38%
12 Maybe I'm Amazed Paul McCartney
37%
26 You Can't Hurry Love The Supremes
37%
72 Dilemma Nelly
35%
69 Old Time Rock & Roll Bob Seger
34%
10 If You Leave Me Now Chicago
32%
6 Woman in Love Barbra Streisand
31%
35 You Make My Dreams Daryl Hall & John Oates
31%
79 Mandy Barry Manilow
30%
53 End Of The Road Boyz II Men
30%
54 (They Long To Be) Close To You Carpenters
30%
88 Family Affair Mary J. Blige
30%
92 Straight Up Paula Abdul
30%
77 Alone Heart
26%
97 The Power Of Love Huey Lewis & The News
26%
73 It's Too Late Carole King
23%
91 Easy Commodores
22%
90 Joy To The World Three Dog Night
22%
94 Without You Chris Brown
18%
83 How Am I Supposed to Live Without You Michael Bolton
17%
63 Blame It on the Boogie The Jacksons
12%
67 Don't Know Much Linda Ronstadt
11%
20 I Don't Need Your Rockin Chair Garth Brooks
10%
21 Rise Herb Alpert
8%
78 Something Like That Tim McGraw
6%
No matching quizzes found
Score Distribution
Percent of People with Each Score
Percentile by Number Answered
Your Score History
You have not taken this quiz